| 000 | 01332nam a2200337Ia 4500 | ||
|---|---|---|---|
| 001 | ebr10267605 | ||
| 003 | CaPaEBR | ||
| 006 | m u | ||
| 007 | cr cn||||||||| | ||
| 008 | 080124s2008 pau sb 001 0 eng d | ||
| 010 | _z 2008002888 | ||
| 020 | _z1592136451 (cloth : alk. paper) | ||
| 020 | _z9781592136452 (cloth : alk. paper) | ||
| 020 | _z9781592136469 | ||
| 040 |
_aCaPaEBR _cCaPaEBR |
||
| 035 | _a(OCoLC)302358815 | ||
| 050 | 1 | 4 |
_aK 5560 _b.W76 2008eb |
| 082 | 0 | 4 |
_a347/.012 _222 |
| 245 | 0 | 0 |
_aWrongful conviction _h[electronic resource] : _binternational perspectives on miscarriages of justice / _cC. Ronald Huff and Martin Killias, editors. |
| 260 |
_aPhiladelphia : _bTemple University Press, _c2008. |
||
| 300 | _aviii, 318 p. | ||
| 504 | _aIncludes bibliographical references and index. | ||
| 533 |
_aElectronic reproduction. _bPalo Alto, Calif. : _cebrary, _d2009. _nAvailable via World Wide Web. _nAccess may be limited to ebrary affiliated libraries. |
||
| 650 | 0 | _aJudicial error. | |
| 650 | 0 | _aJustice, Administration of. | |
| 655 | 7 |
_aElectronic books. _2local |
|
| 700 | 1 | _aHuff, C. Ronald. | |
| 700 | 1 | _aKillias, Martin. | |
| 710 | 2 | _aebrary, Inc. | |
| 856 | 4 | 0 |
_uhttp://site.ebrary.com/lib/rucke/Doc?id=10267605 _zAn electronic book accessible through the World Wide Web; click to view |
| 999 |
_c24371 _d24371 |
||